<?xml version="1.0" encoding="UTF-8"?>
<marc:record xmlns:marc="http://www.loc.gov/MARC21/slim">
   <marc:leader>00000nam a2200000 a 4500</marc:leader>
   <marc:datafield ind1="1" ind2=" " tag="100">
      <marc:subfield code="a">Matschenz, Jacob</marc:subfield>
   </marc:datafield>
   <marc:datafield ind1="1" ind2=" " tag="100">
      <marc:subfield code="a">Buchan, Andrew</marc:subfield>
   </marc:datafield>
   <marc:datafield ind1="1" ind2=" " tag="100">
      <marc:subfield code="a">Duken, Ken</marc:subfield>
   </marc:datafield>
   <marc:datafield ind1="1" ind2=" " tag="100">
      <marc:subfield code="a">Janson, Uwe</marc:subfield>
   </marc:datafield>
   <marc:datafield ind1="0" ind2="0" tag="245">
      <marc:subfield code="a">Laconia DVD 1 [Bildtonträger]</marc:subfield>
   </marc:datafield>
   <marc:datafield ind1="0" ind2="0" tag="245">
      <marc:subfield code="c">Regie: Uwe Janson. Mit Ken Duken, Andrew Buchan, Jacob Matschenz ...</marc:subfield>
   </marc:datafield>
   <marc:datafield ind1=" " ind2="1" tag="264">
      <marc:subfield code="b">Warner Home Video</marc:subfield>
      <marc:subfield code="c">2011</marc:subfield>
   </marc:datafield>
   <marc:datafield ind1="1" ind2=" " tag="520">
      <marc:subfield code="a">September 1942: Die Laconia, ein britischer Truppentransporter, verlässt den Hafen von Suez in Richtung Liverpool. Das ehemalige Kreuzfahrtschiff hat nicht nur Militär, sondern auch Zivilisten, darunter viele Frauen und Kinder, sowie 1800 italienische Kriegsgefangene an Bord. Auch die Deutsche Hilde Schmidt ist darunter. Die junge Mutter ist vor dem Nazi-Terror geflohen und muss nun ihre Herkunft verbergen, um nicht als Spionin verdächtigt und von Bord geschickt zu werden. Im Südatlantik nimmt derweil die U-156 unter Kapitän Werner Hartenstein die Verfolgung des &#x84;feindlichen&#x93; Dampfers auf und beschießt ihn. Als Hartenstein erkennt, dass sich Frauen und Kinder Bord befinden, befiehlt er die unterschiedslose Evakuierung aller Passagiere und setzt einen Funkspruch an Admiral Dönitz ab, der das &#x84;Problem&#x93; schnell aus der Welt haben will...</marc:subfield>
   </marc:datafield>
   <marc:datafield ind1=" " ind2=" " tag="020">
      <marc:subfield code="a">5051890045485</marc:subfield>
      <marc:subfield code="9">5051890045485</marc:subfield>
   </marc:datafield>
   <marc:datafield ind1=" " ind2=" " tag="500">
      <marc:subfield code="a">Sprache: Deutsch (Dolby Digital 5.1)</marc:subfield>
   </marc:datafield>
   <marc:datafield ind1="0" ind2=" " tag="490">
      <marc:subfield code="v">0</marc:subfield>
   </marc:datafield>
   <marc:datafield ind1=" " ind2=" " tag="300">
      <marc:subfield code="a">1 DVD (90 Min.) : farbig</marc:subfield>
   </marc:datafield>
</marc:record>
